[Event "Senta op-B 16th"]
[Site "Senta"]
[Date "2012.07.16"]
[Round "4"]
[White "Dikic, Veljko"]
[Black "Kormanyos, Akos"]
[Result "1-0"]
[WhiteElo "1873"]
[BlackElo "1680"]
[PlyCount "29"]
[EventDate "2012.07.14"]
[EventType "swiss"]
[EventRounds "9"]
[EventCountry "SRB"]
[SourceTitle "CBM 149 Extra"]
[Source "ChessBase"]
[SourceDate "2012.08.24"]
[SourceVersion "1"]
[SourceVersionDate "2012.08.24"]
[SourceQuality "1"]

1. e4 e5 2. Bc4 Nc6 3. Nc3 Nf6 4. d3 h6 5. f4 exf4 6. Bxf4 Bc5 7. Nf3 Ng4 8. d4 Bb4 9. 0-0 Bxc3 10. bxc3 d6 11. h3 Nf6 12. e5 Nh5 13. Bh2 dxe5 14. Nxe5 Nxe5 15. Qxh5 1-0

[Event "Senta January op"]
[Site "Senta"]
[Date "2010.01.24"]
[Round "3"]
[White "Kormanyos, Akos"]
[Black "Molnar, Gabor Roland"]
[Result "0-1"]
[WhiteElo "1676"]
[BlackElo "1955"]
[PlyCount "66"]
[EventDate "2010.01.22"]
[EventType "swiss"]
[EventRounds "9"]
[EventCountry "YUG"]
[SourceTitle "EXT 2011"]
[Source "ChessBase"]
[SourceDate "2010.11.26"]
[SourceVersion "1"]
[SourceVersionDate "2010.11.26"]
[SourceQuality "1"]

1. e4 e5 2. Nf3 Nc6 3. d4 exd4 4. Nxd4 Bc5 5. c3 Qf6 6. Be3 Nge7 7. Bc4 Ne5 8. Be2 Qg6 9. 0-0 d6 10. f3 0-0 11. Kh1 d5 12. Nd2 dxe4 13. Nxe4 Nd5 14. Qd2 Nxe3 15. Qxe3 Bb6 16. Qf4 Re8 17. Rad1 Bd7 18. Rfe1 Rad8 19. Bb5 Bxb5 20. Nxb5 Nd3 21. Rxd3 Rxd3 22. Nf6+ gxf6 23. Rxe8+ Kg7 24. Re1 Re3 25. Rd1 Re2 26. g4 Rxb2 27. Nxc7 Bxc7 28. Qxc7 Rxa2 29. Qf4 h6 30. Rd2 Qb1+ 31. Kg2 Qc1 32. Qxf6+ Kxf6 33. Rxa2 a6 0-1